[Event "2. Bundesliga West 2014/15"]
[Site "Diverse"]
[Date "2014.10.12"]
[Round "3"]
[Board "1"]
[White "Hertneck, Gerald"]
[Black "Roeberg, Frank"]
[Result "0-1"]
[WhiteElo "2465"]
[BlackElo "2249"]
[PlyCount "76"]
[EventDate "2014.10.10"]
[EventType "team"]
[EventRounds "11"]
[EventCountry "AUT"]
[WhiteTeam "Sparkasse Neumarkt"]
[BlackTeam "Schwarzach"]

1.d4 Nf6 2.c4 e6 3.g3 Bb4+ 4.Bd2 Qe7 5.Bg2 Nc6 6.Nf3 Bxd2+ 7.Nbxd2 d6 8.O-O O-O 9.e4
e5 10.d5 Nb8 11.Ne1 a5 12.Nd3 Na6 13.f4 exf4 14.gxf4 Nd7 15.Nb3 a4 16.Nd4 Nac5 17.Nf2
Nb6 18.Qc2 Qf6 19.Ne2 Re8 20.Rad1 Bd7 21.Rd2 Nc8 22.f5 b5 23.Nd4 bxc4 24.Qxc4 Nb6
25.Qc3 Bc8 26.b4 axb3 27.axb3 Nbd7 28.b4 Na6 29.Ra1 Rb8 30.Nd3 Ne5 31.Nxe5 Qxe5 32.Ra4
g6 33.Bf1 Rb6 34.Bb5 Rxb5 35.Nxb5 Qxe4 36.Nd4 Qe1+ 37.Kg2 Bb7 38.Ra5 Nc5 0-1

[Event "2. Bundesliga West 2014/15"]
[Site "Diverse"]
[Date "2014.10.12"]
[Round "3"]
[Board "2"]
[White "Hecht, Hans-Joachim"]
[Black "Kaspret, Guido"]
[Result "1/2-1/2"]
[WhiteElo "2326"]
[BlackElo "2308"]
[PlyCount "82"]
[EventDate "2014.10.10"]
[EventType "team"]
[EventRounds "11"]
[EventCountry "AUT"]
[WhiteTeam "Schwarzach"]
[BlackTeam "Sparkasse Neumarkt"]

1.b4 Nf6 2.Bb2 g6 3.c4 Bg7 4.Nf3 d6 5.e3 e5 6.d3 O-O 7.Qc2 a5 8.b5 Bf5 9.Nc3 Re8 10.Nd2
c6 11.Nce4 d5 12.Nxf6+ Bxf6 13.cxd5 cxd5 14.e4 Be6 15.Be2 a4 16.Ba3 Qa5 17.O-O Rc8
18.Qb2 Nd7 19.Rac1 Bg5 20.Rxc8+ Rxc8 21.exd5 Bxd5 22.Nc4 Qd8 23.Rd1 Be7 24.Ne3 Be6
25.Bxe7 Qxe7 26.d4 a3 27.Qd2 exd4 28.Qxd4 Qc5 29.h4 Qxd4 30.Rxd4 Rc1+ 31.Kh2 Nc5 32.Bc4
Ra1 33.Nc2 Rb1 34.Nxa3 Rb2 35.f3 Kg7 36.Bxe6 Nxe6 37.Rd7 Nf4 38.Kg3 Nh5+ 39.Kh2 Nf4
40.Kg3 Nh5+ 41.Kh2 Rb1 1/2-1/2

[Event "2. Bundesliga West 2014/15"]
[Site "Diverse"]
[Date "2014.10.12"]
[Round "3"]
[Board "3"]
[White "Wuppinger, Manfred"]
[Black "Mikulic, Oliver"]
[Result "1/2-1/2"]
[WhiteElo "2073"]
[BlackElo "2120"]
[PlyCount "89"]
[EventDate "2014.10.10"]
[EventType "team"]
[EventRounds "11"]
[EventCountry "AUT"]
[WhiteTeam "Sparkasse Neumarkt"]
[BlackTeam "Schwarzach"]

1.e4 e6 2.d4 d5 3.exd5 exd5 4.Nc3 Nf6 5.Bd3 Bd6 6.Bg5 Be6 7.Qf3 Nc6 8.Bxf6 Qxf6 9.Qxf6
gxf6 10.Nge2 Nb4 11.O-O-O Rg8 12.g3 Nxd3+ 13.Rxd3 c6 14.Rf3 Bg4 15.Re3+ Kd7 16.Re1
Rae8 17.Kd2 h5 18.Ng1 Re6 19.Nd1 h4 20.c3 f5 21.f4 Reg6 22.Nf2 Bh5 23.Nd3 hxg3 24.h3
g2 25.Ne5+ Kc7 26.Nxg6 fxg6 27.Re5 Bxe5 28.Rxe5 Kd6 29.Re3 b5 30.Rg3 Re8 31.Rxg2 Re4
32.Rf2 b4 33.a3 a5 34.axb4 axb4 35.Kc2 c5 36.dxc5+ Kxc5 37.Kd3 b3 38.h4 Bg4 39.Rf1
Ra4 40.Ne2 Bxe2+ 41.Kxe2 Ra2 42.Rb1 Kc4 43.Ke3 Ra8 44.Rg1 Re8+ 45.Kd2 1/2-1/2

[Event "2. Bundesliga West 2014/15"]
[Site "Diverse"]
[Date "2014.10.12"]
[Round "3"]
[Board "4"]
[White "Ljubic, Juro"]
[Black "Kuess, Mario"]
[Result "1-0"]
[WhiteElo "2213"]
[BlackElo "2010"]
[PlyCount "55"]
[EventDate "2014.10.10"]
[EventType "team"]
[EventRounds "11"]
[EventCountry "AUT"]
[WhiteTeam "Schwarzach"]
[BlackTeam "Sparkasse Neumarkt"]

1.e4 d5 2.exd5 Qxd5 3.Nf3 Bg4 4.Be2 Nc6 5.Nc3 Qd7 6.d4 e6 7.O-O Nf6 8.Be3 Bd6 9.h3
Bh5 10.Nb5 a6 11.Nxd6+ cxd6 12.c4 O-O 13.a3 a5 14.b3 Rfe8 15.Qc2 e5 16.dxe5 dxe5 17.Rfd1
Qe7 18.c5 Bg6 19.Qb2 Red8 20.b4 axb4 21.axb4 Rxa1 22.Rxa1 Nd5 23.b5 Ncb4 24.Qxe5 Qd7
25.Rd1 f6 26.Qb2 Qf5 27.Bc4 Kf8 28.c6 1-0

[Event "2. Bundesliga West 2014/15"]
[Site "Diverse"]
[Date "2014.10.12"]
[Round "3"]
[Board "5"]
[White "Egger, Martin"]
[Black "Stoeckl, Norbert"]
[Result "1-0"]
[WhiteElo "2061"]
[BlackElo "2094"]
[PlyCount "79"]
[EventDate "2014.10.10"]
[EventType "team"]
[EventRounds "11"]
[EventCountry "AUT"]
[WhiteTeam "Sparkasse Neumarkt"]
[BlackTeam "Schwarzach"]

1.e4 c5 2.Nf3 e6 3.d4 cxd4 4.Nxd4 a6 5.Nc3 Qc7 6.Bd3 Nf6 7.O-O b5 8.a4 bxa4 9.Rxa4
Bb7 10.Qe2 h5 11.h3 d6 12.Re1 g6 13.f4 Rg8 14.Nb3 a5 15.Nb5 Qd8 16.Bd2 Nc6 17.Bc3
Be7 18.Qf2 Nd7 19.Rea1 Nb6 20.Bxa5 Nxa5 21.Rxa5 g5 22.Rxa8 Bxa8 23.fxg5 Rxg5 24.Ra7
Qb8 25.Ra6 Bd8 26.Qd4 Nc8 27.Qh8+ Ke7 28.Nc3 d5 29.e5 Na7 30.Qf6+ Kf8 31.Qh8+ Ke7
32.Qf6+ Kf8 33.Qh8+ Rg8 34.Qh6+ Ke8 35.Qxh5 Nc6 36.Bb5 Bb6+ 37.Kf1 Ke7 38.Qh4+ Kf8
39.Bxc6 Bxc6 40.Qb4+ 1-0

[Event "2. Bundesliga West 2014/15"]
[Site "Diverse"]
[Date "2014.10.12"]
[Round "3"]
[Board "6"]
[White "Bjelosevic, Bozo"]
[Black "Baier, Patrick"]
[Result "1-0"]
[WhiteElo "2048"]
[BlackElo "1954"]
[PlyCount "133"]
[EventDate "2014.10.10"]
[EventType "team"]
[EventRounds "11"]
[EventCountry "AUT"]
[WhiteTeam "Schwarzach"]
[BlackTeam "Sparkasse Neumarkt"]

1.Nc3 d5 2.e4 dxe4 3.Nxe4 e5 4.Nf3 Bg4 5.h3 Bh5 6.Ng3 Bxf3 7.Qxf3 Nc6 8.Bc4 Qd7 9.O-O
f6 10.Bxg8 Rxg8 11.Qb3 Rh8 12.Qxb7 Rb8 13.Qa6 Bc5 14.c3 Ke7 15.b4 Rb6 16.Qe2 Bd6 17.d4
Re8 18.d5 Nd8 19.Qh5 Rh8 20.Be3 Rb7 21.Ne4 Nf7 22.Rad1 g6 23.Qh4 Qf5 24.f3 h5 25.a3
g5 26.Qf2 a6 27.c4 Kf8 28.c5 Be7 29.Qe2 Kg7 30.Qxa6 Rbb8 31.Ng3 Qd7 32.d6 cxd6 33.cxd6
Bd8 34.Qd3 Rc8 35.Ne4 Qc6 36.Rc1 Qb7 37.Rxc8 Qxc8 38.Nc5 Qc6 39.Rd1 Bb6 40.b5 Qe8
41.d7 Qe7 42.Qd5 Nd8 43.Qd6 Qxd6 44.Rxd6 Bc7 45.Ne6+ Nxe6 46.Rxe6 Kf7 47.Rc6 Bd8 48.Bb6
Ke7 49.Bxd8+ Rxd8 50.Rc7 Rxd7 51.Rxd7+ Kxd7 52.a4 Kd6 53.a5 Kc5 54.a6 Kb6 55.Kf2 h4
56.g4 hxg3+ 57.Kxg3 f5 58.h4 gxh4+ 59.Kxh4 Ka7 60.Kg5 e4 61.fxe4 fxe4 62.Kf4 Kb6 63.Kxe4
Ka7 64.Ke5 Kb6 65.Kd6 Ka7 66.Kc7 Ka8 67.a7 1-0

[Event "2. Bundesliga West 2014/15"]
[Site "Diverse"]
[Date "2014.10.12"]
[Round "3"]
[Board "1"]
[White "Schramm, Christian"]
[Black "Zoister, Stefan"]
[Result "1-0"]
[WhiteElo "2397"]
[BlackElo "2248"]
[PlyCount "87"]
[EventDate "2014.10.10"]
[EventType "team"]
[EventRounds "11"]
[EventCountry "AUT"]
[WhiteTeam "SIR Bernhard 2"]
[BlackTeam "Ranshofen"]

1.e4 c6 2.d4 d5 3.e5 Bf5 4.Nf3 e6 5.Be2 Nd7 6.O-O Ne7 7.c3 Qc7 8.Be3 a6 9.Nbd2 h6
10.b4 Nc8 11.Nh4 Bh7 12.f4 Be7 13.Nhf3 a5 14.a3 Ncb6 15.Ne1 axb4 16.axb4 Rxa1 17.Qxa1
O-O 18.Bd3 Bxd3 19.Nxd3 Ra8 20.Qc1 Nc4 21.Nxc4 dxc4 22.Nf2 Nb6 23.Ne4 Qd7 24.f5 exf5
25.Ng3 Ra2 26.Nxf5 Bf8 27.Rf3 Qe6 28.Qb1 Ra3 29.Qb2 Rb3 30.Qc2 Nd5 31.Bd2 b5 32.h3
h5 33.Ng3 g6 34.Ne4 Be7 35.Bg5 Bf8 36.Bc1 Be7 37.Kh2 Kg7 38.Bg5 Ra3 39.Qd2 Ra7 40.Bf6+
Kf8 41.Qh6+ Ke8 42.Qh8+ Kd7 43.Nc5+ Bxc5 44.Qd8# 1-0

[Event "2. Bundesliga West 2014/15"]
[Site "Diverse"]
[Date "2014.10.12"]
[Round "3"]
[Board "2"]
[White "Riediger, Martin"]
[Black "Durakovic, Alman"]
[Result "1/2-1/2"]
[WhiteElo "2262"]
[BlackElo "2314"]
[PlyCount "131"]
[EventDate "2014.10.10"]
[EventType "team"]
[EventRounds "11"]
[EventCountry "AUT"]
[WhiteTeam "Ranshofen"]
[BlackTeam "SIR Bernhard 2"]

1.Nf3 Nf6 2.d4 g6 3.Nc3 c5 4.Bg5 cxd4 5.Bxf6 exf6 6.Qxd4 Bg7 7.Qe4+ Kf8 8.Qd5 Nc6
9.e4 d6 10.O-O-O Be6 11.Qxd6+ Qxd6 12.Rxd6 Ke7 13.Rd1 Rhc8 14.a3 f5 15.exf5 Bxf5 16.Nd5+
Kf8 17.Ne3 Bh6 18.Kb1 Be6 19.Nd4 Nxd4 20.Rxd4 Rc5 21.Bd3 Bg7 22.Rh4 h5 23.Re1 b5 24.Re4
a5 25.h4 Bd7 26.Nd1 Bc6 27.Rf4 Be5 28.Rxe5 Rxe5 29.Bxg6 Kg7 30.Bd3 Bxg2 31.Ne3 Bh3
32.Kc1 Be6 33.Kd2 Rb8 34.b3 b4 35.axb4 Rxb4 36.Bc4 Bxc4 37.Nxc4 Rd5+ 38.Kc3 Rbb5 39.Ne3
Rdc5+ 40.Kd3 Rb4 41.Nf5+ Kf6 42.Nd4+ Kg6 43.Re4 Rd5 44.c3 Rb6 45.Kc4 Rd8 46.Re5 Rc8+
47.Kd3 Rd8 48.Kc2 Ra8 49.Rg5+ Kh7 50.Rxh5+ Rh6 51.Rf5 Rxh4 52.Rxf7+ Kg6 53.Re7 a4
54.b4 Rc8 55.Kb2 Rh3 56.Nb5 Rb8 57.Re5 Kf6 58.f4 Rf3 59.Ka3 Rxf4 60.Rc5 Rf1 61.Kxa4
Rb1 62.Nc7 Ke7 63.b5 Kd6 64.Rc6+ Kd7 65.c4 Rc8 66.Na6 1/2-1/2

[Event "2. Bundesliga West 2014/15"]
[Site "Diverse"]
[Date "2014.10.12"]
[Round "3"]
[Board "3"]
[White "Huch, Reiner"]
[Black "Knechtel, Roland"]
[Result "0-1"]
[WhiteElo "2277"]
[BlackElo "2258"]
[PlyCount "60"]
[EventDate "2014.10.10"]
[EventType "team"]
[EventRounds "11"]
[EventCountry "AUT"]
[WhiteTeam "SIR Bernhard 2"]
[BlackTeam "Ranshofen"]

1.Nf3 d5 2.d4 Nf6 3.c4 c6 4.e3 a6 5.Nc3 Bf5 6.Qb3 Ra7 7.Bd2 e6 8.a4 a5 9.Nh4 Bg4 10.h3
Bh5 11.g4 dxc4 12.Bxc4 Nfd7 13.Ng2 Bg6 14.Nf4 Nb6 15.Bxe6 fxe6 16.Nxg6 hxg6 17.Qxe6+
Qe7 18.Qxg6+ Qf7 19.Qe4+ Kd8 20.O-O-O N8d7 21.f4 Bb4 22.Qc2 Nc4 23.Kb1 Ndb6 24.Bc1
Bxc3 25.Qxc3 Nxa4 26.Qd3 Nab6 27.b3 Nd6 28.Ba3 Qd5 29.Bc5 Ra6 30.Bxd6 Qxd6 0-1

[Event "2. Bundesliga West 2014/15"]
[Site "Diverse"]
[Date "2014.10.12"]
[Round "3"]
[Board "4"]
[White "Stadler, Alexander"]
[Black "Pflug, Mathias"]
[Result "0-1"]
[WhiteElo "2092"]
[BlackElo "2259"]
[PlyCount "92"]
[EventDate "2014.10.10"]
[EventType "team"]
[EventRounds "11"]
[EventCountry "AUT"]
[WhiteTeam "Ranshofen"]
[BlackTeam "SIR Bernhard 2"]

1.d4 Nf6 2.Nf3 g6 3.c4 Bg7 4.Nc3 O-O 5.e4 d6 6.h3 c5 7.d5 e6 8.Be2 exd5 9.cxd5 Re8
10.Qc2 Nbd7 11.Bf4 Ne5 12.Nxe5 dxe5 13.Be3 b6 14.O-O a6 15.a4 Qd6 16.a5 b5 17.Nxb5
axb5 18.Bxb5 Bd7 19.Bxc5 Qc7 20.Bd3 Rxa5 21.b4 Raa8 22.b5 Bf8 23.Bxf8 Qxc2 24.Bxc2
Kxf8 25.b6 Rxa1 26.Rxa1 Rb8 27.Rb1 Bc8 28.Ba4 Nxe4 29.Re1 Nd6 30.Rxe5 Rxb6 31.Bc6
Bb7 32.Bxb7 Rxb7 33.Re2 Rb1+ 34.Kh2 Rd1 35.g3 Rxd5 36.Kg2 f5 37.Ra2 Ne4 38.Ra1 Rd2
39.Rf1 Kg7 40.Kf3 Ra2 41.Kg2 g5 42.h4 g4 43.Kg1 Kg6 44.Kg2 Rb2 45.Kg1 Nd2 46.Rd1 Rb1 0-1

[Event "2. Bundesliga West 2014/15"]
[Site "Diverse"]
[Date "2014.10.12"]
[Round "3"]
[Board "5"]
[White "Harringer, Franz"]
[Black "Kuecher, Wolfgang"]
[Result "1-0"]
[WhiteElo "2239"]
[BlackElo "2077"]
[PlyCount "63"]
[EventDate "2014.10.10"]
[EventType "team"]
[EventRounds "11"]
[EventCountry "AUT"]
[WhiteTeam "SIR Bernhard 2"]
[BlackTeam "Ranshofen"]

1.b3 d5 2.Bb2 Nf6 3.e3 g6 4.c4 c6 5.Bxf6 exf6 6.cxd5 Qxd5 7.Nc3 Qa5 8.Nge2 Bg7 9.g3
O-O 10.Bg2 Bg4 11.O-O Nd7 12.a3 Rfe8 13.h3 Be6 14.Qb1 f5 15.d4 Nf6 16.b4 Qd8 17.Rc1
Nd5 18.Na4 Rc8 19.Nc5 Qe7 20.Qc2 g5 21.Kh2 f4 22.gxf4 gxf4 23.Nxe6 fxe6 24.Bxd5 cxd5
25.Qxc8 Rxc8 26.Rxc8+ Kf7 27.Nxf4 Qh4 28.Rc7+ Kf6 29.Nd3 Bf8 30.f4 Qh5 31.Re1 Qf3
32.Rf7+ 1-0

[Event "2. Bundesliga West 2014/15"]
[Site "Diverse"]
[Date "2014.10.12"]
[Round "3"]
[Board "6"]
[White "Fruehauf, Norbert"]
[Black "Frank, Emanuel"]
[Result "0-1"]
[WhiteElo "1974"]
[BlackElo "2178"]
[PlyCount "156"]
[EventDate "2014.10.10"]
[EventType "team"]
[EventRounds "11"]
[EventCountry "AUT"]
[WhiteTeam "Ranshofen"]
[BlackTeam "SIR Bernhard 2"]

1.Nf3 d5 2.g3 Nf6 3.Bg2 Bg4 4.d3 c6 5.Nbd2 Nbd7 6.O-O e5 7.e4 dxe4 8.dxe4 Bc5 9.h3
Bh5 10.Qe2 O-O 11.Rd1 Qc7 12.Nf1 Rfe8 13.g4 Bg6 14.Ng3 Nf8 15.Nh4 Ne6 16.c3 Rad8 17.Be3
Nf4 18.Qf3 Bxe3 19.Qxe3 Qb6 20.Qxb6 axb6 21.Nxg6 hxg6 22.Bf1 Kf8 23.f3 Ke7 24.Nh1
Rh8 25.Nf2 Nh7 26.Kh2 g5 27.Kg3 Nf6 28.Rxd8 Rxd8 29.Rd1 Ra8 30.a3 Rh8 31.Rd2 Nd7 32.Nd1
g6 33.Ne3 f6 34.Nd1 b5 35.Nf2 Nb6 36.Rd1 Na4 37.Rd2 Nb6 38.Rd1 Nc4 39.Bxc4 bxc4 40.Rd2
c5 41.Rd1 b5 42.Rd2 Nd3 43.Nd1 Ke6 44.Nf2 Nxf2 45.Rxf2 Rd8 46.h4 gxh4+ 47.Kxh4 Rd1
48.Kg3 Kd6 49.Re2 Rg1+ 50.Kf2 Rb1 51.Rd2+ Kc6 52.Ke3 Rh1 53.Rf2 b4 54.axb4 cxb4 55.Kd2
b3 56.Ke3 Re1+ 57.Re2 Rc1 58.Rd2 Rb1 59.Ke2 Kb5 60.Ke3 Ka4 61.f4 Re1+ 62.Kf2 Rxe4
63.fxe5 fxe5 64.Kg3 Re3+ 65.Kh4 Rd3 66.Re2 Rd5 67.Kg5 e4+ 68.Kxg6 e3 69.Rxe3 Rd2 70.Re4
Kb5 71.Re5+ Kc6 72.Kf6 Rxb2 73.Re4 Rf2+ 74.Ke6 Kb5 75.Kd5 b2 76.Re1 Rd2+ 77.Ke6 Re2+
78.Rxe2 b1=Q 0-1

[Event "2. Bundesliga West 2014/15"]
[Site "Diverse"]
[Date "2014.11.29"]
[Round "4"]
[Board "1"]
[White "Krassowizkij, Jaroslaw"]
[Black "Berchtenbreiter, Maximilian"]
[Result "1-0"]
[WhiteElo "2408"]
[BlackElo "2384"]
[PlyCount "47"]
[EventDate "2014.10.10"]
[EventType "team"]
[EventRounds "11"]
[EventCountry "AUT"]
[WhiteTeam "Goetzis"]
[BlackTeam "HAK/HAS Innsbruck"]

1.Nf3 Nf6 2.c4 c6 3.Nc3 d5 4.e3 a6 5.b3 Nbd7 6.d4 b5 7.Bd3 e5 8.dxe5 Bb4 9.Bd2 dxc4
10.bxc4 Ng4 11.Be4 Ndxe5 12.Nxe5 Nxe5 13.cxb5 axb5 14.Nxb5 Qa5 15.Nd4 Nc4 16.Bxc6+
Ke7 17.Bxb4+ Qxb4+ 18.Kf1 Ra5 19.Bb5 Bb7 20.a4 Be4 21.Kg1 f5 22.Qb3 Qxb3 23.Nxb3 Ra7
24.Bxc4 1-0

[Event "2. Bundesliga West 2014/15"]
[Site "Diverse"]
[Date "2014.11.29"]
[Round "4"]
[Board "2"]
[White "Nuber, Blasius"]
[Black "Eisenbeiser, Amadeus"]
[Result "1-0"]
[WhiteElo "2349"]
[BlackElo "2365"]
[PlyCount "80"]
[EventDate "2014.10.10"]
[EventType "team"]
[EventRounds "11"]
[EventCountry "AUT"]
[WhiteTeam "HAK/HAS Innsbruck"]
[BlackTeam "Goetzis"]

1.e4 d6 2.d4 Nf6 3.Bd3 c5 4.c3 g6 5.Ne2 Bg7 6.O-O O-O 7.f3 Nbd7 8.Be3 b6 9.a4 a6 10.Nd2
Bb7 11.b4 Qc7 12.bxc5 bxc5 13.Qc2 Rfb8 14.Qa2 Bc8 15.Rfb1 Rxb1+ 16.Rxb1 Ne8 17.Nc4
Rb8 18.a5 Rxb1+ 19.Qxb1 Bb7 20.Nb6 Nef6 21.Qb3 Nxb6 22.axb6 Qc8 23.Bc4 e6 24.Nf4 Nd7
25.Bxe6 fxe6 26.Qxe6+ Kh8 27.Qxd6 cxd4 28.Bxd4 Qc6 29.Bxg7+ Kxg7 30.Qe7+ Kh6 31.Qh4+
Kg7 32.Qe7+ Kh6 33.Ne6 Qxb6+ 34.Kf1 Qb5+ 35.Kf2 Qe5 36.Qxd7 Qxc3 37.Qe7 Qe5 38.Qh4+
Qh5 39.Qf4+ g5 40.Qf8+ Kg6 1-0

[Event "2. Bundesliga West 2014/15"]
[Site "Diverse"]
[Date "2014.11.29"]
[Round "4"]
[Board "3"]
[White "Anistratov, Dmitrij"]
[Black "Niedermeier, Thomas"]
[Result "1-0"]
[WhiteElo "2305"]
[BlackElo "2194"]
[PlyCount "93"]
[EventDate "2014.10.10"]
[EventType "team"]
[EventRounds "11"]
[EventCountry "AUT"]
[WhiteTeam "Goetzis"]
[BlackTeam "HAK/HAS Innsbruck"]

1.Nf3 Nf6 2.g3 g6 3.b3 Bg7 4.Bb2 O-O 5.Bg2 d6 6.d4 c6 7.O-O a5 8.a4 Na6 9.Nbd2 d5
10.Re1 Bf5 11.Nh4 Nc7 12.Nxf5 gxf5 13.Nf3 Kh8 14.Ne5 Nd7 15.Nd3 Ne6 16.e3 Bf6 17.c4
Nb6 18.Qc2 Ng7 19.Nc5 Ra7 20.Rac1 e6 21.Nd3 Ra8 22.Nc5 Ra7 23.Rcd1 Ne8 24.Nd3 Be7
25.f3 Nf6 26.Ne5 Nbd7 27.e4 fxe4 28.Nxd7 Qxd7 29.fxe4 Raa8 30.Rf1 b5 31.e5 Ng8 32.Rf3
bxc4 33.bxc4 Rab8 34.Rdf1 Bb4 35.c5 Rb7 36.Bc1 Qe7 37.g4 Kg7 38.Rh3 h6 39.g5 Kh8 40.Rf6
Kg7 41.gxh6+ Kh8 42.Bg5 Qe8 43.h7 Ne7 44.Bf1 Qb8 45.Ba6 Ra7 46.Bd3 Be1 47.Rf1 1-0

[Event "2. Bundesliga West 2014/15"]
[Site "Diverse"]
[Date "2014.11.29"]
[Round "4"]
[Board "4"]
[White "Hajdarevic, Dino"]
[Black "Mittelberger, Peter"]
[Result "1-0"]
[WhiteElo "2135"]
[BlackElo "2203"]
[PlyCount "65"]
[EventDate "2014.10.10"]
[EventType "team"]
[EventRounds "11"]
[EventCountry "AUT"]
[WhiteTeam "HAK/HAS Innsbruck"]
[BlackTeam "Goetzis"]

1.d4 g6 2.Nf3 Bg7 3.g3 Nf6 4.Bg2 O-O 5.c4 d6 6.O-O Nbd7 7.Nc3 e5 8.e4 a5 9.h3 exd4
10.Nxd4 Nb6 11.b3 a4 12.Be3 Nfd7 13.Rc1 axb3 14.axb3 Nc5 15.Qc2 c6 16.Rfd1 Qc7 17.Rd2
Be6 18.Nxe6 Nxe6 19.Rcd1 Nc8 20.Ne2 Qa5 21.Nf4 Nc5 22.Nd3 Nxd3 23.Rxd3 Re8 24.Bf3
h5 25.Bg2 Qb4 26.Kh2 Qa5 27.R1d2 Qb4 28.c5 dxc5 29.Bxc5 Qa5 30.Rd7 Qb5 31.b4 b6 32.Qb3
Re6 33.Rxf7 1-0

[Event "2. Bundesliga West 2014/15"]
[Site "Diverse"]
[Date "2014.11.29"]
[Round "4"]
[Board "5"]
[White "Quintero Ortega, Carlos"]
[Black "Meier, Alexander"]
[Result "1/2-1/2"]
[WhiteElo "2190"]
[BlackElo "2186"]
[PlyCount "90"]
[EventDate "2014.10.10"]
[EventType "team"]
[EventRounds "11"]
[EventCountry "AUT"]
[WhiteTeam "Goetzis"]
[BlackTeam "HAK/HAS Innsbruck"]

1.c4 e5 2.g3 d6 3.Bg2 f5 4.Nc3 Nf6 5.d3 Be7 6.Nf3 O-O 7.O-O c6 8.b4 Qe8 9.b5 Qh5 10.c5
f4 11.cxd6 Bxd6 12.Ne4 Nxe4 13.dxe4 Bc7 14.Ba3 Rf6 15.Qc2 Kh8 16.Rfd1 fxg3 17.hxg3
Bg4 18.Rd2 Nd7 19.Rad1 Nf8 20.Be7 Re6 21.Bd8 Bxd8 22.Rxd8 Rxd8 23.Rxd8 Re8 24.Rxe8
Qxe8 25.bxc6 bxc6 26.Nh2 Bd7 27.Qc5 Qb8 28.Nf3 Ng6 29.Ng5 h6 30.Nf7+ Kh7 31.Kh2 Be6
32.Nd6 Qb6 33.Qc2 Qxf2 34.Qxc6 Qxe2 35.a4 Qh5+ 36.Kg1 Qd1+ 37.Kh2 Qh5+ 38.Kg1 Qg5
39.Kh2 Qe7 40.Nf5 Qd7 41.Qc2 Ne7 42.Qc5 Nxf5 43.exf5 Bxf5 44.Qxe5 Qd3 45.a5 Bg6 1/2-1/2

[Event "2. Bundesliga West 2014/15"]
[Site "Diverse"]
[Date "2014.11.29"]
[Round "4"]
[Board "6"]
[White "Sucher, Johannes"]
[Black "Kranz, Armin"]
[Result "1-0"]
[WhiteElo "2169"]
[BlackElo "2131"]
[PlyCount "45"]
[EventDate "2014.10.10"]
[EventType "team"]
[EventRounds "11"]
[EventCountry "AUT"]
[WhiteTeam "HAK/HAS Innsbruck"]
[BlackTeam "Goetzis"]

1.d4 Nf6 2.Bg5 e6 3.Nd2 h6 4.Bh4 d5 5.e3 c5 6.c3 Nbd7 7.f4 Be7 8.Bd3 a6 9.Ngf3 b6
10.O-O Bb7 11.Ne5 Qc7 12.Qe2 O-O 13.Ng4 Rfe8 14.f5 Nxg4 15.Qxg4 Bxh4 16.Qxh4 e5 17.f6
Qd8 18.Qg3 Nxf6 19.dxe5 Nd7 20.Rxf7 g5 21.Raf1 Bc8 22.Qh3 Re7 23.Qf5 1-0

[Event "2. Bundesliga West 2014/15"]
[Site "Diverse"]
[Date "2014.11.29"]
[Round "4"]
[Board "1"]
[White "Jorczik, Julian"]
[Black "Loetscher, Roland"]
[Result "1/2-1/2"]
[WhiteElo "2385"]
[BlackElo "2458"]
[PlyCount "84"]
[EventDate "2014.10.10"]
[EventType "team"]
[EventRounds "11"]
[EventCountry "AUT"]
[WhiteTeam "Bregenz"]
[BlackTeam "Kufstein / Woergl"]

1.d4 d5 2.c4 c6 3.Nf3 Nf6 4.Nc3 e6 5.e3 Nbd7 6.Qc2 Bd6 7.b3 O-O 8.Be2 b6 9.O-O Bb7
10.Bb2 Qe7 11.Rad1 Rad8 12.Rfe1 Rfe8 13.Bf1 Ba3 14.g3 Bxb2 15.Qxb2 c5 16.Bg2 dxc4
17.bxc4 Ne4 18.a4 Nxc3 19.Qxc3 Qf6 20.Nd2 Bxg2 21.Kxg2 cxd4 22.exd4 Nc5 23.Nf3 Nb7
24.Ne5 Rc8 25.Re3 Qd8 26.Qe1 f6 27.Nd3 Qd7 28.Nf4 Rxc4 29.Nxe6 Rxa4 30.d5 Nd6 31.Qe2
Rc4 32.Re1 Rcc8 33.Qh5 Nc4 34.Re4 Ne5 35.Rd1 Rc2 36.Rh4 g6 37.Qh6 Qf7 38.Qe3 Rc4 39.Rxc4
Nxc4 40.Qf4 Rc8 41.h4 b5 42.Rb1 a6 1/2-1/2

[Event "2. Bundesliga West 2014/15"]
[Site "Diverse"]
[Date "2014.11.29"]
[Round "4"]
[Board "2"]
[White "Bertagnolli, Alexander"]
[Black "Weindl, Alfred"]
[Result "1-0"]
[WhiteElo "2343"]
[BlackElo "2331"]
[PlyCount "73"]
[EventDate "2014.10.10"]
[EventType "team"]
[EventRounds "11"]
[EventCountry "AUT"]
[WhiteTeam "Kufstein / Woergl"]
[BlackTeam "Bregenz"]

1.e4 c5 2.Nf3 Nc6 3.d4 cxd4 4.Nxd4 Nf6 5.Nc3 d6 6.Bc4 e6 7.Be3 Be7 8.Qe2 a6 9.O-O-O
Qc7 10.Rhg1 O-O 11.g4 b5 12.g5 Nxd4 13.Bxd4 Nd7 14.Bd3 g6 15.f4 b4 16.Na4 e5 17.fxe5
dxe5 18.Be3 Qa5 19.b3 Nc5 20.Bc4 Nxa4 21.bxa4 Qxa4 22.Bb3 Qe8 23.h4 Be6 24.h5 Qc6
25.Bd5 Bxd5 26.exd5 Qc7 27.Rh1 Rac8 28.Rh4 b3 29.axb3 Ba3+ 30.Kb1 Qc3 31.Bc1 Bxc1
32.Rxc1 Rfd8 33.hxg6 fxg6 34.Qxa6 Qf3 35.Qe6+ Kg7 36.Rch1 h6 37.gxh6+ 1-0

[Event "2. Bundesliga West 2014/15"]
[Site "Diverse"]
[Date "2014.11.29"]
[Round "4"]
[Board "3"]
[White "Dobosz, Henryk"]
[Black "Koepke, Christian"]
[Result "1/2-1/2"]
[WhiteElo "2389"]
[BlackElo "2322"]
[PlyCount "63"]
[EventDate "2014.10.10"]
[EventType "team"]
[EventRounds "11"]
[EventCountry "AUT"]
[WhiteTeam "Bregenz"]
[BlackTeam "Kufstein / Woergl"]

1.c4 c6 2.d4 d5 3.Nc3 Nf6 4.e3 a6 5.a4 Bf5 6.Nf3 e6 7.Nh4 Be4 8.Qb3 Qc7 9.Nf3 Nbd7
10.Nxe4 dxe4 11.Nd2 e5 12.c5 Be7 13.a5 O-O 14.Be2 Rae8 15.O-O Nd5 16.Nxe4 exd4 17.exd4
Bxc5 18.Nxc5 Nxc5 19.Qc4 Nb3 20.Ra3 Nxd4 21.Qxd4 Rxe2 22.Bh6 f5 23.Bxg7 Re4 24.Rg3
Rxd4 25.Bxd4+ Qxg3 26.fxg3 Rf7 27.Kf2 Re7 28.Re1 Rxe1 29.Kxe1 Kf7 30.Ke2 Ke6 31.h3
Kd6 32.Kd3 1/2-1/2

[Event "2. Bundesliga West 2014/15"]
[Site "Diverse"]
[Date "2014.11.29"]
[Round "4"]
[Board "4"]
[White "Maurer, Jochen"]
[Black "Abhau, Jochen"]
[Result "1-0"]
[WhiteElo "2254"]
[BlackElo "2265"]
[PlyCount "57"]
[EventDate "2014.10.10"]
[EventType "team"]
[EventRounds "11"]
[EventCountry "AUT"]
[WhiteTeam "Kufstein / Woergl"]
[BlackTeam "Bregenz"]

1.e4 e6 2.d4 d5 3.Nd2 c5 4.c3 Nc6 5.Ngf3 cxd4 6.cxd4 dxe4 7.Nxe4 Nf6 8.Bd3 Be7 9.O-O
O-O 10.Be3 Nb4 11.Bb1 b6 12.Nfg5 g6 13.Qf3 Nxe4 14.Bxe4 Nd5 15.h4 Bb7 16.Rfc1 Qd7
17.h5 f5 18.Bxd5 Bxd5 19.Qg3 Bxg5 20.Bxg5 Rfc8 21.h6 Rxc1+ 22.Rxc1 Rc8 23.Rxc8+ Qxc8
24.Qe5 Qb7 25.Qd6 Qf7 26.Qb8+ Qf8 27.Qxa7 b5 28.Qd7 Bxa2 29.Be7 1-0

[Event "2. Bundesliga West 2014/15"]
[Site "Diverse"]
[Date "2014.11.29"]
[Round "4"]
[Board "5"]
[White "Bezler, Rainer"]
[Black "Rusche, Johannes"]
[Result "0-1"]
[WhiteElo "2215"]
[BlackElo "2274"]
[PlyCount "102"]
[EventDate "2014.10.10"]
[EventType "team"]
[EventRounds "11"]
[EventCountry "AUT"]
[WhiteTeam "Bregenz"]
[BlackTeam "Kufstein / Woergl"]

1.d4 Nf6 2.c4 c5 3.Nf3 cxd4 4.Nxd4 b6 5.Nc3 Bb7 6.f3 e6 7.e4 Nc6 8.Be3 Bb4 9.Qb3 Qe7
10.Be2 O-O 11.Nxc6 Bxc6 12.e5 Ne8 13.O-O Bc5 14.Nd1 f6 15.exf6 Nxf6 16.Kh1 Nh5 17.Rf2
Qh4 18.Kg1 Nf4 19.Bf1 Bd6 20.Rd2 Bc7 21.Nf2 Ng6 22.Nh3 Ne5 23.Rf2 Rf5 24.Rd1 Raf8
25.Rd4 Qf6 26.Rf4 Rxf4 27.Bxf4 Nxf3+ 28.Rxf3 Bxf3 29.Bxc7 Qd4+ 30.Nf2 Bxg2 31.Bg3
Bxf1 32.Kxf1 Rc8 33.Qa3 Qxc4+ 34.Kg2 Qd5+ 35.Kh3 Qh5+ 36.Kg2 Qd5+ 37.Kh3 a5 38.Qe3
Qh5+ 39.Kg2 Qd5+ 40.Kh3 b5 41.a3 Qf5+ 42.Kg2 Qd5+ 43.Kh3 h5 44.Be5 d6 45.Bc3 Rf8 46.Kg3
b4 47.axb4 axb4 48.Bxb4 h4+ 49.Kxh4 Rf3 50.Qe2 g6 51.Bxd6 Qh5# 0-1